Několik poznámek k srovnání alkoholismu a abusu těkavých látek

Bibliographic Details
Main Authors: Řehan, Vladimír, 1948- (Author), Birkásová, M. (Author)
Format: Article
Language:Slovak
Subjects:

MARC

LEADER 00000nab a2200000 a 4500
001 vtls000143745
003 SK-MaSNL
005 20260304062051.0
008 250422c1983 xo 0 slo
015 |a SNBRB19rr/mm-uuuuu 
035 |a CL0153852 
035 |a urn:nbn:sk:snk-ab6ud2 
035 |a (uuid)8510fa94-5fb7-4507-8714-9bced1246462 
035 |a (urnnbn)urn:nbn:sk:snk:ar-a05yvj 
035 |a (sysno)vtls000143745 
040 |a SNKBUCL  |b slo  |c SNKBUCL  |e AACR2 
041 0 |a slo 
044 |a xo  |c SK 
080 |a 613.81/.83  |2 1981 
080 |a 615.85  |2 1981 
100 1 |a Řehan, Vladimír,  |d 1948-  |4 aut  |9 71884 
245 1 0 |a Několik poznámek k srovnání alkoholismu a abusu těkavých látek  |c V. Řehan, M. Birkásová 
650 0 7 |a alkoholizmus  |2 snkbucl  |9 14184 
650 0 7 |a drogová závislosť  |2 snkbucl  |9 1551 
655 7 |a články z novín a časopisov  |2 snkbucl  |9 267496 
700 1 |a Birkásová, M.  |4 aut  |9 1347023 
773 0 |t Protialkoholický obzor  |g Roč. 18, č. 2 (1983), s. 113-116 
850 |a Slovenská národná knižnica 
852 |a Slovenská národná knižnica 
954 |a odborná, vedecká literatúra pôvodná (slovenská)  |2 lita 
958 |a article2022 
958 |a RK 
958 |a MI 
958 |a CZ 
958 |a OND 
958 |a EUIPO 
992 |a RBX 
999 |c 2736330  |d 2738260